000 00685nam a2200217Ii 4500
001 11310
003 CO-ViMGA
008 241108s9999||||xx |||||||||||||| ||und||
020 _a9588013259
040 _aCO-ViMGA
_bspa
_erda
_cCO-ViMGA
041 0 _aspa
082 0 4 _a070.443 F981
100 1 _aFundación Antonio Restrepo Barco,
_947093
245 1 0 _aDistorsión noticiosa y abuso sexual:
_bEstudio de un caso en la prensa colombiana
264 1 _aBogotá, Colombia : Rasgo y Color, 1998
300 _avolumen
336 _atext
_btxt
_2rdacontent
337 _aunmediated
_bn
_2rdamedia
338 _avolume
_bnc
_2rdacarrier
940 _aidficha_siabuc: 11040. -- ficha_no_siabuc:11310
999 _c41673
_d41673